Kim : (Record no. 2492)

MARC details
000 -LEADER
fixed length control field 00835nam a2200265 i 4500
001 - CONTROL NUMBER
control field 3196774
003 - CONTROL NUMBER IDENTIFIER
control field GBCCL
005 - DATE AND TIME OF LATEST TRANSACTION
control field 20241126110430.0
008 - FIXED-LENGTH DATA ELEMENTS--GENERAL INFORMATION
fixed length control field 770916s1975 cau 000 0beng
010 ## -
-- 77152596
020 ## - INTERNATIONAL STANDARD BOOK NUMBER
International Standard Book Number 0890810133 :
Terms of availability $2.95
040 ## - CATALOGING SOURCE
Original cataloging agency DLC
Transcribing agency DLC
Modifying agency DLC
050 00 -
-- BR1725.W446
-- S75
082 00 - DEWEY DECIMAL CLASSIFICATION NUMBER
Classification number 248.86092
-- B
Item number STE
100 1# - MAIN ENTRY--PERSONAL NAME
Personal name Steven, Hugh.
9 (RLIN) 5184
245 10 - TITLE STATEMENT
Title Kim :
Remainder of title "I will make darkness light" /
Statement of responsibility, etc. Hugh Steven, with Kim Wickes.
260 ## - PUBLICATION, DISTRIBUTION, ETC.
Place of publication, distribution, etc. Irvine, Calif. :
Name of publisher, distributor, etc. Harvest House Publishers,
Date of publication, distribution, etc. c1975.
300 ## - PHYSICAL DESCRIPTION
Extent 152 p. ;
Dimensions 21 cm.
600 10 - SUBJECT ADDED ENTRY--PERSONAL NAME
Personal name Wickes, Kim.
9 (RLIN) 5185
650 #0 - SUBJECT ADDED ENTRY--TOPICAL TERM
Topical term or geographic name entry element Christian biography
Geographic subdivision United States.
9 (RLIN) 318
650 #0 - SUBJECT ADDED ENTRY--TOPICAL TERM
Topical term or geographic name entry element Blind
Geographic subdivision United States
General subdivision Biography.
9 (RLIN) 5186
700 1# - ADDED ENTRY--PERSONAL NAME
Personal name Wickes, Kim,
Relator term joint author.
9 (RLIN) 5185
906 ## - LOCAL DATA ELEMENT F, LDF (RLIN)
a 7
b cbc
c orignew
d 2
e ncip
f 19
g y-gencatlg
942 ## - ADDED ENTRY ELEMENTS (KOHA)
Source of classification or shelving scheme Dewey Decimal Classification
Koha item type Books
Holdings
Withdrawn status Lost status Source of classification or shelving scheme Damaged status Not for loan Home library Current Library Shelving location Date acquired Total checkouts Full call number Barcode Date last seen Copy number Price effective from Koha item type
    Dewey Decimal Classification     GRACE BIBLE COLLEGE GRACE BIBLE COLLEGE Ministry & Mission 2017-08-21   248.86092 STE 008849 2025-05-01 c.1 2017-08-21 Books
© Grace Bible College Library 2025